| 000 | 00869cam a22002893a 4500 | ||
|---|---|---|---|
| 001 | 1397 | ||
| 003 | PGUSA | ||
| 005 | 20140828083000.0 | ||
| 008 | 060503s2006||||xxu|||||s|||||000 | eng d | ||
| 040 |
_aPGUSA _beng |
||
| 042 | _adc | ||
| 050 | 4 | _aD | |
| 100 | 1 |
_aVolney, C.-F. _q(Constantin-François), _d1757-1820 |
|
| 245 | 1 | 4 |
_aThe Ruins; Or, Meditation on the Revolutions of Empires and the Law of Nature _h[electronic resource] / _cC.-F. Volney |
| 260 |
_bProject Gutenberg, _c2006 |
||
| 500 | _aTranslation from French of Les ruines | ||
| 506 | _aPublic domain in the USA. | ||
| 516 | _aElectronic text | ||
| 653 | _aEthics | ||
| 653 | _aRevolutions | ||
| 653 | _aReligions | ||
| 653 | _aHistory -- Philosophy | ||
| 740 | 0 | _aLes ruines. English | |
| 830 | 0 |
_aProject Gutenberg _v1397 |
|
| 856 | 4 | 0 | _uhttp://www.gutenberg.org/ebooks/1397 |
| 942 | _cEB | ||
| 999 |
_c230745 _d230745 |
||